1883 1415 1312 1199 1666 1600 1471 1902 1914 1013 1062 1074 1103 1409 1009 1351 1540 1196 1264 1100 1731 1026 1201 1896 1854 1567 1384 1432 1638 1402 1979 1539 1520 1371 1130 1715 1172 1064 1670 1489 1869 1440 1697 1740 1714 1983 1896 1210 1257 1199 1053 1250 1655 1599 1274 1848 1144 1395 1159 1176 1276 1566 1681 1587 1357 1326 1700 1635 1890 1679 1322 1306 1814 1308 1837 1847 1643 1285 1188 1262 1659 1955 1163 1714 1824 1217 1920 1612 1225 1707 1405 1175 1966 1372 1333 1699 1221 1351 1244 BCNSPRNW ULIB Ver.6.0+V

เปลี่ยนเป็นภาษาไทย

Change to English
 แสดงรายละเอียดบรรณานุกรม
  กลับหน้าหลัก

Brief Record : Get Marc (ISO 2709) : E-mail record : QR code < ปิดหน้าต่าง
LEADER : 00000nam 2200000uu 4500
001    13399108688
003     ULIB
008    110311s2548||||th 000 0 tha d
020    9745065994
060 04 QZ266^bจ496ห 2548
100 0  จินนะรัตน์ ศรีภัทรภิญโญ
245 10 หลักเกณฑ์และแนวทางการจัดบริการตามมาตรฐานบริการพยาบาลสำหรับศูนย์ตติยภูมิ เฉพาะทางโรคมะเร็ง /^cจินนะรัตน์ ศรีภัทรภิญโญ, อัมภา ศรารัชต์, อุไรพร จันทะอุ้มเม้า
250    พิมพ์ครั้งที่ 1
260    นนทบุรี :^bสำนักการพยาบาล กรมการแพทย์ กระทรวงสาธารณสุข,^c2548
300    94 หน้า ;^c26 ซม.
650  7 มะเร็ง^xการพยาบาล
700 0  อัมภา ศรารัชต์
700 0  อุไรพร จันทะอุ่มเม้า
710 2  กรมการแพทย์. ^bสำนักการพยาบาล
710 2  กระทรวงสาธารณสุข
945    ^p0^l0^i019326
995    ทศพร
999 ^a ใช้งานได้ทุกระบบ
รายการนี้ยังไม่มีแท็ก
คุณยังไม่ได้ล็อกอิน คุณสามารถมีกิจกรรมร่วมกับเว็บไซต์ได้ แต่ต้องล็อกอินก่อน ::
  ล็อกอิน

รายการสื่อสารสนเทศ

ลำดับที่ ประเภท เลขเรียก/บาร์โค้ด สถานที่ สถานะ
- ไม่พบข้อมูล -

รายการใกล้เคียง
    ผู้แต่ง [จินนะรัตน์ ศรีภัทรภิญโญ]

BibComment


ยังไม่เคยถูกคอมเมนท์

คอมเมนท์ทรัพยากรรายการนี้
  คอมเมนท์: หลักเกณฑ์และแนวทา..


 Copyright 2026. Bcnsprnw @Library